El Misterio del crecimiento económico / (Registro nro. 6381)
[ vista simple ]
| 000 -LEADER | |
|---|---|
| fixed length control field | 01193nam a2200301Ia 4500 |
| 003 - CONTROL NUMBER IDENTIFIER | |
| control field | OSt |
| 005 - DATE AND TIME OF LATEST TRANSACTION | |
| control field | 20200715164943.0 |
| 008 - FIXED-LENGTH DATA ELEMENTS--GENERAL INFORMATION | |
| fixed length control field | 191128s2007 sp ad fr 000 0 spa d |
| 020 ## - INTERNATIONAL STANDARD BOOK NUMBER | |
| International Standard Book Number | 9788495348227 |
| 040 ## - CATALOGING SOURCE | |
| Original cataloging agency | CO-JMCR |
| Transcribing agency | CO-JMCR |
| 041 1# - LANGUAGE CODE | |
| Language code of text/sound track or separate title | spa |
| Language code of original | eng |
| 082 04 - DEWEY DECIMAL CLASSIFICATION NUMBER | |
| Classification number | 338.9 / |
| Item number | H246m |
| Edition number | 23 |
| 100 1# - MAIN ENTRY--PERSONAL NAME | |
| Personal name | Helpman, Elhanan, |
| Relator term | autor |
| 9 (RLIN) | 7344 |
| 245 13 - TITLE STATEMENT | |
| Title | El Misterio del crecimiento económico / |
| Statement of responsibility, etc. | Elhanan Helpman ; traducción de Ma. Esther Rebasco y Luis Toharia |
| 260 ## - PUBLICATION, DISTRIBUTION, ETC. | |
| Place of publication, distribution, etc. | Barcelona : |
| Name of publisher, distributor, etc. | Antoni Bosh, |
| Date of publication, distribution, etc. | 2007 |
| 300 ## - PHYSICAL DESCRIPTION | |
| Extent | 232 páginas : |
| Other physical details | gráficos a blanco y negro ; |
| Dimensions | 24 cm. |
| 500 ## - GENERAL NOTE | |
| General note | Título original: The mystery of economic growth. |
| 504 ## - BIBLIOGRAPHY, ETC. NOTE | |
| Bibliography, etc. note | Bibliografía: páginas 201-216 |
| 505 0# - FORMATTED CONTENTS NOTE | |
| Formatted contents note | Los hechos -- La acumulación -- La productividad -- La innovación -- La interdependencia -- La desigualdad -- Las instituciones y la política |
| 546 ## - LANGUAGE NOTE | |
| Language note | Traducido del inglés. |
| 650 1# - SUBJECT ADDED ENTRY--TOPICAL TERM | |
| Topical term or geographic name entry element | Desarrollo socioeconómico |
| 9 (RLIN) | 7345 |
| 650 1# - SUBJECT ADDED ENTRY--TOPICAL TERM | |
| Topical term or geographic name entry element | Economía |
| 9 (RLIN) | 7346 |
| 650 1# - SUBJECT ADDED ENTRY--TOPICAL TERM | |
| Topical term or geographic name entry element | Desarrollo económico. |
| 9 (RLIN) | 7347 |
| 650 1# - SUBJECT ADDED ENTRY--TOPICAL TERM | |
| Topical term or geographic name entry element | Producción (Teoría económica) |
| 9 (RLIN) | 7348 |
| 700 1# - ADDED ENTRY--PERSONAL NAME | |
| Personal name | Rebaso, Ma. Esther, |
| Relator term | traductora |
| 9 (RLIN) | 7349 |
| 700 1# - ADDED ENTRY--PERSONAL NAME | |
| Personal name | Toharia, Luis, |
| Relator term | traductor |
| 9 (RLIN) | 4738 |
| 942 ## - ADDED ENTRY ELEMENTS (KOHA) | |
| Source of classification or shelving scheme | Dewey Decimal Classification |
| Koha item type | Books |
| Withdrawn status | Lost status | Source of classification or shelving scheme | Damaged status | Not for loan | Collection code | Home library | Current library | Date acquired | Source of acquisition | Full call number | Barcode | Date last seen | Copy number | Koha item type |
|---|---|---|---|---|---|---|---|---|---|---|---|---|---|---|
| Dewey Decimal Classification | Non-fiction | Biblioteca Pública José María del Castillo y Rada | Biblioteca Pública José María del Castillo y Rada | 04/15/2018 | Donación | 338.9 / H246m | 430013336 | 05/16/2024 | Ej.1 | Books |